000 00303nam a2200121Ia 4500
008 190216s9999||||xx |||||||||||||| ||und||
100 _aKenney J F And Keeping E S
245 0 _aMathematics Of Statistics
260 _bD -van Nostrand Co.
_c1939
300 _a348p
650 _aMathematics
942 _cBK
999 _c30427
_d30427